Loading...
| Science - Biology | 0 | 7 | 1 | 2 | 65 | 78 | 96.00 | 0 | 3 | 13.26 | 37.27 |
| Science - Chemistry | 0 | 4 | 1 | 0 | 35 | 51 | 86.00 | 2 | 2 | 11.39 | 27.27 |
| Mythology | 0 | 1 | 0 | 0 | 10 | 148 | 148.00 | 0 | 0 | 0.00 | 2.73 |
| Religion | 0 | 1 | 0 | 0 | 10 | 132 | 132.00 | 0 | 0 | 0.14 | 0.91 |
| Fine Arts - Other | 0 | 1 | 0 | 0 | 10 | 129 | 129.00 | 0 | 0 | 0.34 | 5.45 |
| History - American | 0 | 1 | 0 | 1 | 10 | 136 | 136.00 | 0 | 0 | -0.49 | 2.73 |
| Science - Physics | 0 | 1 | 0 | 0 | 10 | 124 | 124.00 | 0 | 0 | 0.00 | 0.91 |
| Science - Other | 0 | 1 | 1 | 0 | 5 | 75 | 75.00 | 0 | 0 | 3.36 | 6.36 |
| Social Science | 0 | 1 | 1 | 1 | 5 | 136 | 136.00 | 0 | 1 | 0.00 | 0.91 |
| History - Other | 0 | 0 | 0 | 0 | 0 | 0.00 | 0 | 0 | 0.00 | 0.00 | |
| Literature - British | 0 | 0 | 0 | 0 | 0 | 0.00 | 0 | 0 | 0.00 | 0.00 |